| 000 | 00452nam a2200157Ia 4500 | ||
|---|---|---|---|
| 008 | 151213s9999 xx 000 0 und d | ||
| 100 | _aDr. M. Maniruzzaman | ||
| 245 |
_aAdvanced Reading and Writing Skills, Model Questions and Answers _cDr. M. Maniruzzaman |
||
| 250 | _a1st | ||
| 260 |
_aDhaka _bFriends Book Corner _c2005 |
||
| 300 | _a4867 p. | ||
| 650 | _aEnglish | ||
| 650 | _aEnglish Language | ||
| 700 | _aDr. M. Maniruzzaman | ||
| 999 |
_c3059 _d3059 |
||